[Event "Polfinal Mistrzostw Polski Niewidomych i Slabowidzacych w szachach"]
[Site "Wagrowiec"]
[Date "1899-12-30"]
[Round "6.7"]
[White "Kowalczyk, Marian"]
[Black "Kopiec, Miroslaw"]
[Result "1/2-1/2"]
[WhiteTitle "I++"]
[BlackTitle "II+"]
[WhiteElo "1920"]
[BlackElo "1722"]

1. e4 c5 2. Nf3 Nc6 3. d4 cxd4 4. Nxd4 g6 5. Nc3 Bg7 6. Be3 d6 7. Qd2 Nxd4 8. Bxd4
Bxd4 9. Qxd4 Nf6 10. O-O-O Qb6 11. Qxb6 axb6 12. Bc4 O-O 13. f3 Be6 14. Nd5 Nxd5
15. exd5 Bd7 16. Rhe1 Rfe8 17. a3 b5 18. Bb3 Kf8 19. g4 Rec8 20. Rd3 b6 21. Rde3
Re8 22. Rc3 Rac8 23. Ree3 Rc5 24. Kd2 Kg7 25. Rcd3 h6 26. Rd4 f6 27. Rde4 Kf7
28. c3 f5 29. Rd4 g5 30. h3 Kf6 31. Bc2 Rc4 32. Bd3 Rxd4 33. cxd4 f4 34. Re1 Rh8
35. Rc1 h5 36. Rc7 Be8 37. Bf5 Bf7 38. Be4 hxg4 39. hxg4 Rb8 40. Kc3 e6 41. dxe6
Bxe6 42. Kb4 Bc4 43. a4 d5 44. Rc6+ Ke7 45. Bf5 bxa4 46. Kxa4 Bf1 47. Rg6 Bg2
48. Rxg5 Bxf3 49. Kb5 Be2+ 50. Kc6 f3 51. Bd7 Rf8 52. Re5+ Kf6 53. g5+ Kg7 54.
Bh3 Bc4 55. Kxb6 f2 56. b4 Rf4 57. Kc5 Rh4 58. Rf5 Rxh3 59. Rxf2 Rc3 60. b5 Rb3
61. b6 Rb1 62. Kc6 Ba6 63. Kxd5 Rxb6 64. Rf6 Bb7+ 65. Kc5 Rb1 66. Rb6 Rc1+ 67.
Kd6 Be4 68. Ke5 Bf3 69. d5 Re1+ 70. Kd6 Rd1 71. Rb5 Kg6 72. Ke6 Re1+ 73. Kd7 Kxg5
74. d6+ Kf6 75. Kd8 Ke6 76. Rb6 Kf7 77. Kc7 Rc1+ 78. Kd8 Ra1 79. Kc7 Ra7+ 80.
Kb8 Rd7 81. Kc8 Bg4 82. Rb7 Re7+ 83. Kb8 Rxb7+ 84. Kxb7 1/2-1/2

[Event "Polfinal Mistrzostw Polski Niewidomych i Slabowidzacych w szachach"]
[Site "Wagrowiec"]
[Date "1899-12-30"]
[Round "6.8"]
[White "Kaciotys, Mieczyslaw"]
[Black "Staruch, Roman"]
[Result "0-1"]
[WhiteTitle "II+"]
[BlackTitle "I++"]
[WhiteElo "1689"]
[BlackElo "1875"]

1. e4 e5 2. Nf3 Nc6 3. Bc4 Nd4 4. c3 Nxf3+ 5. Qxf3 Qf6 6. Qe2 Qg6 7. O-O Nf6 8.
Re1 Bc5 9. b4 Bb6 10. a4 a6 11. h3 d6 12. Kh2 h5 13. Qf3 Ng4+ 14. Kg1 Bxf2+ 15.
Qxf2 Nxf2 16. Kxf2 h4 17. Re3 Be6 18. Be2 O-O-O 19. d4 f5 20. d5 Bd7 21. Nd2 fxe4
22. Nxe4 Rhf8+ 23. Kg1 Bf5 24. Nf2 Rf7 25. Bd2 Rdf8 26. b5 Bd7 27. bxa6 Rxf2 28.
Rf3 R8xf3 29. Bxf3 bxa6 30. Kxf2 Qg3+ 31. Ke2 Bf5 32. Rg1 e4 33. Bg4 Qd3+ 34.
Ke1 Bxg4 35. hxg4 e3 36. Bxe3 Qxe3+ 37. Kf1 Qxc3 38. Ke2 Qc4+ 39. Kf2 Qxd5 0-1

[Event "Polfinal Mistrzostw Polski Niewidomych i Slabowidzacych w szachach"]
[Site "Wagrowiec"]
[Date "1899-12-30"]
[Round "6.9"]
[White "Traczyk, Tadeusz"]
[Black "Szydlowski, Wiktor"]
[Result "1/2-1/2"]
[WhiteTitle "I"]
[BlackTitle "I"]
[WhiteElo "1809"]
[BlackElo "1693"]

1. e4 e5 2. d4 exd4 3. Qxd4 Nc6 4. Qe3 Bb4+ 5. Nc3 Nge7 6. Bd2 O-O 7. O-O-O d6
8. h4 Ng6 9. f3 Nge5 10. Be2 Be6 11. f4 Nc4 12. f5 Nxd2 13. Rxd2 Bd7 14. a3 Bxc3
15. Qxc3 Qe7 16. Bd3 Rfc8 17. Nf3 a5 18. Rdd1 Ne5 19. Nxe5 Qxe5 20. Qd2 b5 21.
Qc3 Qxc3 22. bxc3 f6 23. Kd2 Kf8 24. g4 Kf7 25. g5 Ke7 26. Rhg1 Kf7 27. Kc1 Rg8
28. Kd2 Rab8 29. Kc1 c5 30. c4 b4 1/2-1/2

[Event "Polfinal Mistrzostw Polski Niewidomych i Slabowidzacych w szachach"]
[Site "Wagrowiec"]
[Date "1899-12-30"]
[Round "6.10"]
[White "Pawlik, Tomasz"]
[Black "Wodas, Pawel"]
[Result "0-1"]
[WhiteTitle "II+"]
[BlackTitle "I"]
[WhiteElo "1648"]
[BlackElo "1799"]

1. e4 Nf6 2. e5 Nd5 3. d4 d6 4. Nf3 g6 5. Bc4 Nb6 6. Bb3 Bg7 7. c3 O-O 8. O-O Nc6
9. Re1 dxe5 10. Nxe5 Nxe5 11. dxe5 Qxd1 12. Bxd1 Bf5 13. Bb3 e6 14. f4 Rfd8 15.
Be3 Nd5 16. Kf2 Bf8 17. Bxd5 Rxd5 18. Nd2 b6 19. Nf3 Rad8 20. h3 h5 21. Nd4 Bd3
22. Rad1 Bf5 23. Rd2 Be4 24. Red1 Bc5 25. Nb3 Bxe3+ 26. Kxe3 Bxg2 27. Rxd5 Rxd5
28. Rxd5 Bxd5 29. Nc1 h4 30. Kf2 Kg7 31. a3 g5 32. Nd3 Kg6 33. Ke3 g4 34. hxg4
h3 0-1

[Event "Polfinal Mistrzostw Polski Niewidomych i Slabowidzacych w szachach"]
[Site "Wagrowiec"]
[Date "1899-12-30"]
[Round "6.11"]
[White "Inglot, Marian"]
[Black "Huzarski, Stanislaw"]
[Result "1/2-1/2"]
[WhiteTitle "II"]
[BlackTitle "I"]
[WhiteElo "1394"]
[BlackElo "1753"]

1. e4 c5 2. Nf3 Nc6 3. Bc4 d6 4. Nc3 Nf6 5. d3 e6 6. Bg5 Be7 7. Qe2 a6 8. a3 b5
9. Ba2 Bb7 10. O-O-O Qa5 11. Bd2 Qc7 12. h4 Rc8 13. h5 Nd4 14. Qe3 Ng4 15. Qe1
b4 16. axb4 Nxc2 17. Kxc2 cxb4 18. Kb1 bxc3 19. Bxc3 O-O 20. Rc1 Qb6 21. Nd4 Bf6
22. Nxe6 Rfe8 23. Bxf6 Rxc1+ 24. Qxc1 Nxf6 25. Ng5 Re7 26. h6 g6 27. Qc3 Ne8 28.
Rh3 d5 29. Rf3 Qd6 30. Qd4 f6 31. Nh3 Re5 1/2-1/2

[Event "Polfinal Mistrzostw Polski Niewidomych i Slabowidzacych w szachach"]
[Site "Wagrowiec"]
[Date "1899-12-30"]
[Round "6.12"]
[White "Grzywacz, Ryszard"]
[Black "Miodonski, Miroslaw"]
[Result "0-1"]
[WhiteTitle "I"]
[BlackTitle "II"]
[WhiteElo "1705"]
[BlackElo "1384"]

1. e4 Nf6 2. d4 Nxe4 3. Nf3 d5 4. Bd3 Nd7 5. O-O e6 6. c4 c5 7. Be3 cxd4 8. Bxd4
Ndf6 9. Qe2 Be7 10. Nbd2 Nxd2 11. Nxd2 dxc4 12. Bxc4 Qxd4 13. Nf3 Qb6 14. Rad1
Bd7 15. Ne5 Rd8 16. Nxd7 Nxd7 17. Bb5 a6 18. Ba4 Qb4 19. Bxd7+ Rxd7 20. Rxd7 Kxd7
21. Rd1+ Ke8 22. Qd3 Qb5 23. Qg3 e5 24. Qxg7 Rf8 25. Qg4 f5 26. Qf3 Qc6 27. Qd3
e4 28. Qd4 Kf7 29. Qe5 Qe6 30. Qc7 Qc8 31. Qe5 Rd8 32. Re1 Bd6 33. Qd5+ Kf6 34.
Qb3 Be5 35. Qh3 Kg7 36. Qh5 Bf6 37. Qe2 Rd5 38. b3 Qd7 39. g3 Rd2 40. Qf1 Rxa2
41. Qc4 Qc6 42. Qb4 a5 43. Qc4 Qxc4 44. bxc4 Ra1 45. Rxa1 Bxa1 0-1

[Event "Polfinal Mistrzostw Polski Niewidomych i Slabowidzacych w szachach"]
[Site "Wagrowiec"]
[Date "1899-12-30"]
[Round "6.13"]
[White "Wyrzykowski, Jozef"]
[Black "Sargalski, Andrzej"]
[Result "1/2-1/2"]
[WhiteTitle "I"]
[BlackTitle "I++"]
[WhiteElo "1600"]
[BlackElo "1840"]

1. c4 e5 2. Nc3 Nf6 3. d3 Bc5 4. h3 d6 5. Nf3 Nc6 6. Bg5 h6 7. Bd2 Be6 8. a3 a5
9. e4 O-O 10. Be2 Nd4 11. Nxd4 Bxd4 12. O-O Qd7 13. Kh2 c6 14. Qc1 Kh7 15. f4
exf4 16. Bxf4 Be5 17. Qd2 Bd4 18. Be3 Be5+ 19. Bf4 Bd4 20. Be3 Be5+ 21. Bf4 Bd4
22. Be3 1/2-1/2

[Event "Polfinal Mistrzostw Polski Niewidomych i Slabowidzacych w szachach"]
[Site "Wagrowiec"]
[Date "1899-12-30"]
[Round "6.14"]
[White "Barnowski, Sylwester"]
[Black "Tobolski, Michal"]
[Result "1/2-1/2"]
[WhiteTitle "I"]
[BlackTitle "II"]
[WhiteElo "1790"]
[BlackElo "1514"]

1. f4 d5 2. Nf3 Nc6 3. e3 Bg4 4. d4 a6 5. c3 Nf6 6. Bd3 e6 7. O-O Be7 8. Nbd2 h6
9. h3 Bxf3 10. Nxf3 O-O 11. Ne5 Ne4 12. Nxc6 bxc6 13. Bxe4 dxe4 14. Bd2 f5 15.
Qc2 Qd7 16. Qd1 Qd8 17. Qc2 Qd7 18. Qd1 Qd8 19. Qc2 Qd7 20. Qd1 Qd8 21. Qc2 1/2-1/2

[Event "Polfinal Mistrzostw Polski Niewidomych i Slabowidzacych w szachach"]
[Site "Wagrowiec"]
[Date "1899-12-30"]
[Round "6.15"]
[White "Salamon, Jan"]
[Black "Zelajtys, Jozef"]
[Result "0-1"]
[WhiteTitle "I"]
[BlackTitle "I"]
[WhiteElo "1731"]
[BlackElo "1682"]

1. d4 d5 2. Nf3 Nf6 3. e3 g6 4. c4 c6 5. Qb3 Bg7 6. Nc3 O-O 7. Bd3 e6 8. Bd2 Nbd7
9. cxd5 exd5 10. O-O a5 11. Rad1 b5 12. a3 a4 13. Qc2 Ne8 14. Rfe1 0-1

[Event "Polfinal Mistrzostw Polski Niewidomych i Slabowidzacych w szachach"]
[Site "Wagrowiec"]
[Date "1899-12-30"]
[Round "6.16"]
[White "Malcer, Joanna"]
[Black "Kizym, Lukasz"]
[Result "1/2-1/2"]
[WhiteTitle "I"]
[BlackTitle "II"]
[WhiteElo "1503"]
[BlackElo "1665"]

1. e4 e5 2. Bc4 Bc5 3. Nf3 Nc6 4. O-O Nf6 5. d3 d5 6. exd5 Nxd5 7. Bb5 Bg4 8. Bxc6+
bxc6 9. Nbd2 O-O 10. Re1 Re8 11. h3 Bxf3 12. Nxf3 f6 13. c3 Bd6 14. Qc2 Nb6 15.
Be3 Rb8 16. c4 c5 17. Nd2 Nd7 18. Ne4 a6 19. b3 h6 20. Ng3 c6 21. Nf5 Bc7 22.
Qe2 Kh7 23. Qg4 Rg8 24. Qe4 Kh8 25. Qxc6 Nb6 26. Qe4 Qd7 27. Bxc5 Nc8 28. Nh4
Re8 29. Ng6+ Kg8 30. Qd5+ Qxd5 31. cxd5 Bd6 32. b4 Bxc5 33. bxc5 Ne7 34. Nxe7+
Rxe7 35. d6 Rd7 36. Rab1 Rc8 37. Rec1 Rc6 38. Kf1 Kf7 39. Ke2 Ke6 40. Rb2 Rdxd6
41. a4 Rd4 42. a5 Ra4 43. Rb6 Kd5 44. Rb7 Rxc5 45. Rd7+ Kc6 46. Rxc5+ Kxc5 47.
Rxg7 Rxa5 48. Rg6 Kd4 49. Rxf6 Ra2+ 50. Kf3 Kxd3 51. Rd6+ Kc4 52. Rxh6 e4+ 53.
Kxe4 Rxf2 54. Rxa6 Rxg2 1/2-1/2

[Event "Polfinal Mistrzostw Polski Niewidomych i Slabowidzacych w szachach"]
[Site "Wagrowiec"]
[Date "1899-12-30"]
[Round "6.17"]
[White "Spionkowski, Fabian"]
[Black "Gawel, Janusz"]
[Result "0-1"]
[WhiteTitle "II"]
[BlackTitle "II"]
[WhiteElo "1233"]
[BlackElo "1576"]

1. e4 e5 2. Nf3 Nc6 3. Bc4 Nf6 4. Ng5 d5 5. exd5 Na5 6. Bb5+ c6 7. dxc6 bxc6 8.
Be2 h6 9. Nf3 Bd6 10. d3 O-O 11. O-O Qc7 12. h3 Bb7 13. Bd2 c5 14. Na3 Ba6 15.
Rb1 Rab8 16. Qe1 Nc6 17. c3 Rfe8 18. Qd1 Bc8 19. d4 exd4 20. cxd4 cxd4 21. Nb5
Qd7 22. Nfxd4 Nxd4 23. Nxd4 a6 24. Bf3 Bc5 25. Bc3 Bb7 26. Bxb7 Rxb7 27. Qf3 Rc7
28. Nf5 Qc6 29. Nxh6+ gxh6 30. Qg3+ Kh7 31. Bxf6 Rg8 32. Qd3+ Rg6 33. Bg5 hxg5
34. Rbc1 Qf6 35. Kh1 Bd6 36. Rxc7 Bxc7 37. Kg1 Kg7 38. g3 Rh6 39. Kh2 Qe6 0-1

[Event "Polfinal Mistrzostw Polski Niewidomych i Slabowidzacych w szachach"]
[Site "Wagrowiec"]
[Date "1899-12-30"]
[Round "6.18"]
[White "Mettel, Werner"]
[Black "Loroch, Zygfryd"]
[Result "1-0"]
[WhiteTitle "I"]
[BlackTitle "II"]
[WhiteElo "1742"]
[BlackElo "1427"]

1. e4 e5 2. Nf3 d6 3. Bc4 Bg4 4. d3 Bxf3 5. Qxf3 Nf6 6. Nc3 Be7 7. O-O O-O 8. Ne2
Nbd7 9. Ng3 h6 10. Nf5 Nh7 11. Qg4 Bg5 12. h4 Bf6 13. Nxh6+ Kh8 14. Nxf7+ Rxf7
15. Bxf7 Bxh4 16. Bg6 Bg5 17. Bxh7 Bxc1 18. Qh3 Bh6 19. Bf5 Qg5 20. Bxd7 Rf8 21.
Rad1 Rf4 22. g3 Qg4 23. Bxg4 1-0

[Event "Polfinal Mistrzostw Polski Niewidomych i Slabowidzacych w szachach"]
[Site "Wagrowiec"]
[Date "1899-12-30"]
[Round "6.19"]
[White "Binkowski, Kazimierz"]
[Black "Dziobek, Jerzy"]
[Result "1/2-1/2"]
[WhiteTitle "II"]
[BlackTitle "I"]
[WhiteElo "1578"]
[BlackElo "1731"]

1. d4 d5 2. Nc3 e6 3. a3 a6 4. Nf3 Nf6 5. Bg5 Be7 6. e3 Nbd7 7. Ne5 h6 8. Bh4 Nxe5
9. dxe5 Nd7 10. Bxe7 Qxe7 11. f4 b6 12. Be2 Bb7 13. Bf3 c5 14. O-O Nf8 15. Ne2
Ng6 16. g3 Rd8 17. c3 b5 18. Bh5 Nf8 19. b4 g6 20. Bf3 h5 21. bxc5 Qxc5 22. Qd4
Rc8 23. a4 Nd7 24. axb5 axb5 25. Rfb1 Bc6 26. Ra6 Qe7 27. Ra7 O-O 28. Kf2 Qd8
29. Qb4 Ra8 30. Rba1 Nb6 31. Nd4 Qe8 32. Rxa8 Nxa8 33. Qd6 Bd7 34. Ra7 b4 35.
cxb4 Bb5 36. Be2 Bxe2 37. Nxe2 Qb5 38. Nd4 Qd3 39. h4 Rc8 40. Qe7 Rf8 1/2-1/2

[Event "Polfinal Mistrzostw Polski Niewidomych i Slabowidzacych w szachach"]
[Site "Wagrowiec"]
[Date "1899-12-30"]
[Round "6.20"]
[White "Jakimczuk, Alicja"]
[Black "Zarow, Zdzislaw"]
[Result "0-1"]
[WhiteTitle "I"]
[BlackTitle "I"]
[WhiteElo "1315"]
[BlackElo "1639"]

1. c4 e5 2. g3 d5 3. b3 Bc5 4. e3 Nf6 5. Ne2 Nc6 6. Bb2 O-O 7. Bg2 d4 8. O-O Bg4
9. f3 Bh5 10. Kh1 dxe3 11. dxe3 Bxe3 12. Nbc3 Qe7 13. Bc1 Rad8 14. Qe1 Bxc1 15.
Rxc1 Nb4 16. Rd1 Nd3 17. Rxd3 Rxd3 18. g4 Bg6 19. g5 Nh5 20. f4 exf4 21. Nxf4
Qxe1 22. Nxd3 Qxc3 0-1

[Event "Polfinal Mistrzostw Polski Niewidomych i Slabowidzacych w szachach"]
[Site "Wagrowiec"]
[Date "1899-12-30"]
[Round "6.21"]
[White "Gryglewicz, Tadeusz"]
[Black "Tyszkiewicz, Adam"]
[Result "1-0"]
[WhiteTitle "II+"]
[BlackTitle "II"]
[WhiteElo "1623"]
[BlackElo "1396"]

1. Nf3 d6 2. d4 e6 3. c4 a6 4. e4 Nf6 5. Nc3 Be7 6. Bd3 O-O 7. Qc2 g6 8. Bd2 Nc6
9. a3 b6 10. O-O-O Bd7 11. h3 Na5 12. g4 Rb8 13. e5 dxe5 14. dxe5 Ne8 15. Bh6
Ng7 16. b4 Nc6 17. Be4 Na7 18. Nd4 Bg5+ 19. Bxg5 Qxg5+ 20. Rd2 Qxe5 21. Nf3 Qf4
22. Ne2 Qf6 23. Rxd7 Qa1+ 24. Qb1 Qxa3+ 25. Qb2 Qa4 26. Rhd1 Nc6 27. Bc2 1-0

[Event "Polfinal Mistrzostw Polski Niewidomych i Slabowidzacych w szachach"]
[Site "Wagrowiec"]
[Date "1899-12-30"]
[Round "6.22"]
[White "Jagiela, Elzbieta"]
[Black "Bialas, Stanislaw"]
[Result "1/2-1/2"]
[WhiteTitle "II"]
[BlackTitle "II"]
[WhiteElo "1402"]
[BlackElo "1409"]

1. e4 e5 2. Nf3 Nc6 3. Bc4 d6 4. h3 g6 5. d3 Bg7 6. Be3 f5 7. c3 f4 8. Bd2 Bd7
9. Bc1 Na5 10. Bb3 Nxb3 11. Qxb3 b6 12. d4 Qe7 13. Qc2 O-O-O 14. d5 Kb7 15. c4
c6 16. Nc3 Nf6 17. Bd2 cxd5 18. cxd5 Rc8 19. Qd3 Rc5 20. O-O h6 21. b4 Rc7 22.
a4 a6 23. Rfc1 Rhc8 24. b5 a5 25. Ne2 Rxc1+ 26. Rxc1 Rxc1+ 27. Bxc1 g5 28. Kf1
g4 29. hxg4 Bxg4 30. Nfg1 Qc7 31. Ba3 Nd7 32. f3 Bh5 33. Qc3 Bf8 34. Qc6+ 1/2-1/2

[Event "Polfinal Mistrzostw Polski Niewidomych i Slabowidzacych w szachach"]
[Site "Wagrowiec"]
[Date "1899-12-30"]
[Round "6.26"]
[White "Jagiello, Jerzy"]
[Black "Jagiello, Adolf"]
[Result "1/2-1/2"]
[WhiteTitle "II"]
[BlackTitle "II"]
[WhiteElo "1601"]
[BlackElo "1233"]

1. e4 d6 2. d4 e6 3. Nf3 h6 4. c4 g5 5. h3 Ne7 6. Nc3 f6 7. Bd3 Bd7 8. b3 c5 9.
d5 e5 10. Bb2 Bg7 11. O-O Ng6 12. Ne2 Nf4 13. Nxf4 gxf4 14. Nh4 O-O 15. Ng6 Rf7
16. Qh5 Qe8 17. Nh4 1/2-1/2

[Event "Polfinal Mistrzostw Polski Niewidomych i Slabowidzacych w szachach"]
[Site "Wagrowiec"]
[Date "1899-12-30"]
[Round "7.1"]
[White "Zoltek, Tadeusz"]
[Black "Pociejowski, Marek"]
[Result "1/2-1/2"]
[WhiteTitle "FM"]
[BlackTitle "I++"]
[WhiteElo "2091"]
[BlackElo "1865"]

1. Nf3 d5 2. d4 Nf6 3. c4 e6 4. Nc3 c6 5. cxd5 exd5 6. Bg5 Be7 7. e3 Bf5 8. Bd3
Bxd3 9. Qxd3 Nbd7 10. O-O O-O 11. Nd2 Re8 12. Rae1 Nh5 13. Bxe7 Rxe7 14. Qf5 g6
15. Qg5 Kg7 16. g4 h6 17. Qh4 Nhf6 18. f4 Qe8 19. g5 Ng8 20. Rf3 f6 21. gxh6+
Nxh6 22. Rh3 Qh8 23. Qf2 Qe8 24. Qh4 Qh8 25. Qf2 Qe8 26. Qh4 Qh8 1/2-1/2

[Event "Polfinal Mistrzostw Polski Niewidomych i Slabowidzacych w szachach"]
[Site "Wagrowiec"]
[Date "1899-12-30"]
[Round "7.2"]
[White "Wolanski, Michal"]
[Black "Migala, Andrzej"]
[Result "1/2-1/2"]
[WhiteTitle "I++"]
[BlackTitle "k"]
[WhiteElo "1903"]
[BlackElo "2002"]

1. c4 c5 2. Nc3 Nc6 3. g3 g6 4. Bg2 Bg7 5. e3 e6 6. Nf3 Nge7 7. O-O O-O 8. d4 cxd4
9. Nxd4 Nxd4 10. exd4 d5 11. cxd5 Nxd5 12. Nxd5 exd5 13. Be3 Be6 14. Qd2 Rc8 15.
Rac1 Qd7 16. h4 h5 17. Rxc8 Rxc8 18. Rc1 b6 19. a3 Bf6 20. Rxc8+ Qxc8 21. Bf3
Qb7 22. Kf1 Qd7 23. Qc3 Kg7 24. Be2 Qc8 25. Qxc8 Bxc8 26. Bf3 Be6 27. Ke2 Kf8
28. Kd2 Ke8 29. Kc3 Kd7 30. Kb4 Kc6 31. a4 Be7+ 1/2-1/2

[Event "Polfinal Mistrzostw Polski Niewidomych i Slabowidzacych w szachach"]
[Site "Wagrowiec"]
[Date "1899-12-30"]
[Round "7.3"]
[White "Niecko, Stanislaw"]
[Black "Pawelec, Bartosz"]
[Result "1/2-1/2"]
[WhiteTitle "I+"]
[BlackTitle "k"]
[WhiteElo "1753"]
[BlackElo "2010"]

1. e4 e5 2. Nf3 Nc6 3. d4 exd4 4. Nxd4 Nf6 5. Nc3 Bb4 6. Nxc6 bxc6 7. Bd3 d5 8.
exd5 cxd5 9. O-O O-O 10. Bd2 Bxc3 11. Bxc3 Ne4 12. Bxe4 dxe4 13. Qxd8 Rxd8 14.
Rad1 Be6 15. b3 c5 16. Ba5 Rxd1 17. Rxd1 Kf8 18. h3 Ke7 19. c4 f5 20. Bc3 g6 21.
Be5 Rc8 22. Rd6 Rd8 23. Rxd8 Kxd8 24. Kf1 Kd7 25. Ke2 Bf7 26. Ke3 Ke6 27. Bc3
Be8 28. g3 Bc6 29. Bg7 Kf7 30. Be5 Ke6 31. Bg7 Kf7 32. Be5 Ke6 1/2-1/2

[Event "Polfinal Mistrzostw Polski Niewidomych i Slabowidzacych w szachach"]
[Site "Wagrowiec"]
[Date "1899-12-30"]
[Round "7.4"]
[White "Urbaniak, Karol"]
[Black "Kulpinski, Piotr"]
[Result "1/2-1/2"]
[WhiteTitle "I"]
[BlackTitle "I++"]
[WhiteElo "1592"]
[BlackElo "1860"]

1. e4 c5 2. Nc3 g6 3. g3 Bg7 4. Bg2 Nc6 5. d3 d6 6. Be3 Nf6 7. h3 Rb8 8. Qd2 O-O
9. Nge2 Bd7 10. O-O Ne8 11. f4 Nc7 12. f5 Nd4 13. fxg6 hxg6 14. Bh6 Nxe2+ 15.
Nxe2 Kh7 16. Bxg7 Kxg7 17. e5 dxe5 18. Qe3 f6 19. Qxc5 b6 20. Qe3 Rh8 21. h4 Bg4
22. Nc3 Qd4 23. Qxd4 exd4 24. Rf4 e5 25. Rxg4 f5 26. Rg5 dxc3 27. h5 Rxh5 28.
Rxh5 cxb2 29. Rb1 gxh5 30. Rxb2 Rd8 31. Rb1 h4 32. Rf1 Kg6 33. Bh3 Rf8 34. gxh4
Nd5 35. Re1 Kf6 36. a4 Rh8 37. a5 Rxh4 38. axb6 axb6 39. Bf1 Rb4 40. Re2 Rb1 41.
Kf2 Nc3 42. Rd2 e4 43. Bg2 Ke5 44. dxe4 Nxe4+ 45. Bxe4 Kxe4 46. Rd8 Rc1 47. Rc8
b5 48. Ke2 Rh1 49. Re8+ Kf4 50. Rb8 Rh2+ 51. Kd3 Rh3+ 52. Kd2 Rh2+ 53. Kd3 Kf3
54. Rxb5 f4 55. Rf5 Rh3 56. Kd4 Kg3 57. c4 Rh8 58. Kd5 Rd8+ 59. Kc6 f3 60. c5
f2 61. Kc7 Rd4 62. Rxf2 Kxf2 63. c6 Ke3 64. Kb7 Rb4+ 65. Ka7 Rc4 66. Kb7 1/2-1/2

[Event "Polfinal Mistrzostw Polski Niewidomych i Slabowidzacych w szachach"]
[Site "Wagrowiec"]
[Date "1899-12-30"]
[Round "7.5"]
[White "Miodonski, Miroslaw"]
[Black "Staruch, Roman"]
[Result "1-0"]
[WhiteTitle "II"]
[BlackTitle "I++"]
[WhiteElo "1384"]
[BlackElo "1875"]

1. e4 e5 2. f4 exf4 3. Qf3 Nc6 4. c3 d6 5. d4 Bd7 6. Bxf4 Qe7 7. Nd2 O-O-O 8. O-O-O
g5 9. Be3 h5 10. Qf2 a6 11. Ngf3 g4 12. Nh4 Kb8 13. Bc4 Bh6 14. Bxh6 Nxh6 15.
g3 Qg5 16. Rhf1 Rdf8 17. Qf6 Qa5 18. Bb3 b5 19. e5 dxe5 20. dxe5 b4 21. Nc4 Qb5
22. Rxd7 Na5 23. Rfd1 Nxc4 24. R1d5 Qb6 25. Bxc4 Qxf6 26. exf6 bxc3 27. bxc3 Re8
28. Rxh5 Re1+ 29. Kd2 Rh1 30. Nf5 Re8 31. Rxh6 Ree1 32. Rh8+ Ka7 33. Ne3 Rb1 34.
Rxc7+ Kb6 35. Nd5+ Ka5 36. Bb3 1-0

[Event "Polfinal Mistrzostw Polski Niewidomych i Slabowidzacych w szachach"]
[Site "Wagrowiec"]
[Date "1899-12-30"]
[Round "7.6"]
[White "Debowska, Teresa"]
[Black "Wodas, Pawel"]
[Result "1-0"]
[WhiteTitle "WFM"]
[BlackTitle "I"]
[WhiteElo "1730"]
[BlackElo "1799"]

1. e4 c5 2. d3 g6 3. g3 Bg7 4. Bg2 Nc6 5. Nf3 Nf6 6. O-O d6 7. c3 Bd7 8. Re1 Qc7
9. h3 Rc8 10. Nbd2 b5 11. Nf1 O-O 12. Be3 a5 13. Qd2 c4 14. Bh6 cxd3 15. Bxg7
Kxg7 16. Qxd3 Qb6 17. Ne3 Rfd8 18. Nd5 Qc5 19. Rac1 Be6 20. Nxf6 Kxf6 21. Qd2
Kg7 22. b3 Ne5 23. Nd4 Bd7 24. Kh2 a4 25. f4 Nc6 26. Nf3 axb3 27. axb3 Qb6 28.
b4 h6 29. Qb2 Kg8 30. g4 e6 31. Qe2 Qb7 32. g5 d5 33. Bf1 Ne7 34. Nd4 Rb8 35.
Nb3 Be8 36. Bg2 Ra8 37. Ra1 Rdc8 38. Nc5 Qc7 39. h4 Kg7 40. Bf3 Qb8 41. Rf1 Kh7
1-0

[Event "Polfinal Mistrzostw Polski Niewidomych i Slabowidzacych w szachach"]
[Site "Wagrowiec"]
[Date "1899-12-30"]
[Round "7.7"]
[White "Jagiela, Andrzej"]
[Black "Rutkowski, Jerzy"]
[Result "0-1"]
[WhiteTitle "I"]
[BlackTitle "I+"]
[WhiteElo "1716"]
[BlackElo "2031"]

1. e4 e5 2. Nf3 Nc6 3. Bc4 Be7 4. Nc3 d6 5. d4 Nf6 6. Bg5 a6 7. Bxf6 Bxf6 8. h3
O-O 9. O-O Na5 10. Be2 c5 0-1

[Event "Polfinal Mistrzostw Polski Niewidomych i Slabowidzacych w szachach"]
[Site "Wagrowiec"]
[Date "1899-12-30"]
[Round "7.8"]
[White "Stolarczyk, Anna"]
[Black "Szydlowski, Wiktor"]
[Result "1-0"]
[WhiteTitle "WCM"]
[BlackTitle "I"]
[WhiteElo "1934"]
[BlackElo "1693"]

1. d4 d5 2. c4 e6 3. Nc3 Nf6 4. Bg5 Be7 5. Nf3 c5 6. dxc5 Qa5 7. Qa4+ Qxa4 8. Nxa4
Bd7 9. Nc3 dxc4 10. Bxf6 gxf6 11. Ne4 Bc6 12. Nd6+ Kf8 13. Nd4 Na6 14. Nxc6 bxc6
15. Nxc4 Bxc5 16. a3 Ke7 17. e3 Nc7 18. Rc1 Bd6 19. b4 Nd5 20. e4 Nf4 21. g3 Ng6
22. f4 Rhc8 23. Bg2 e5 24. Nxd6 Kxd6 25. O-O Rc7 26. fxe5+ Kxe5 27. Rf5+ Ke6 28.
Rcf1 Rf8 29. Rxf6+ Ke7 30. R6f5 f6 31. Rc5 Ne5 32. Rd1 Rd8 33. Rxd8 Kxd8 34. Bf1
Rd7 35. Rc2 Rd1 36. Rc3 Re1 37. Kf2 Ra1 38. h3 Kd7 39. Be2 Kd6 40. g4 h6 41. Ke3
Rg1 42. Kf4 Rg2 43. Ba6 Rf2+ 44. Kg3 Ra2 45. Kh4 Rf2 46. Kh5 Rf3 47. Rxf3 Nxf3
48. Kxh6 Ng5 49. h4 Nxe4 50. Kg6 Ke5 51. Bb7 Nf2 52. g5 fxg5 53. hxg5 Kd6 54.
Kf5 1-0

[Event "Polfinal Mistrzostw Polski Niewidomych i Slabowidzacych w szachach"]
[Site "Wagrowiec"]
[Date "1899-12-30"]
[Round "7.9"]
[White "Zelajtys, Jozef"]
[Black "Kowalczyk, Marian"]
[Result "1/2-1/2"]
[WhiteTitle "I"]
[BlackTitle "I++"]
[WhiteElo "1682"]
[BlackElo "1920"]

1. e4 e5 2. Nf3 Nc6 3. Bb5 a6 4. Bxc6 dxc6 5. c3 Qd3 6. Qe2 Qxe2+ 7. Kxe2 f6 8.
d4 Bd6 9. h3 Be6 10. Be3 Bc4+ 11. Kd2 O-O-O 12. Kc2 Ne7 13. Nbd2 Bf7 14. b3 Bg6
15. Nh4 Bf7 16. g4 g5 17. Nf5 Nxf5 18. gxf5 h5 19. f3 Rhg8 20. Rag1 h4 21. Rf1
Bh5 22. Rhg1 Rde8 23. Nc4 Bf7 24. dxe5 Bxc4 25. bxc4 Bxe5 26. Bd4 Rgf8 27. c5
Bxd4 28. cxd4 b6 29. cxb6 cxb6 30. Rg4 Kc7 31. Kc3 1/2-1/2

[Event "Polfinal Mistrzostw Polski Niewidomych i Slabowidzacych w szachach"]
[Site "Wagrowiec"]
[Date "1899-12-30"]
[Round "7.10"]
[White "Gawel, Janusz"]
[Black "Traczyk, Tadeusz"]
[Result "1/2-1/2"]
[WhiteTitle "II"]
[BlackTitle "I"]
[WhiteElo "1576"]
[BlackElo "1809"]

1. d4 Nf6 2. Nf3 g6 3. c4 Bg7 4. Nc3 O-O 5. e4 d6 6. Be2 c6 7. O-O Nbd7 8. Qc2
a6 9. h3 e5 10. Rd1 exd4 11. Nxd4 Nc5 12. Bf4 Re8 13. Bf3 Bf8 14. Nde2 Ne6 15.
Bg3 Ng5 16. Rd3 Nxf3+ 17. Rxf3 Nh5 18. Bh2 b5 19. Nd4 Bb7 20. cxb5 cxb5 21. Re1
Nf6 22. Rfe3 Rc8 23. a3 Rc4 24. Qd3 Bh6 25. R3e2 d5 26. e5 Ne4 27. f3 Nxc3 28.
bxc3 Qc8 29. Rc2 Qc5 30. Rd1 Bg7 1/2-1/2

[Event "Polfinal Mistrzostw Polski Niewidomych i Slabowidzacych w szachach"]
[Site "Wagrowiec"]
[Date "1899-12-30"]
[Round "7.11"]
[White "Huzarski, Stanislaw"]
[Black "Wyrzykowski, Jozef"]
[Result "1-0"]
[WhiteTitle "I"]
[BlackTitle "I"]
[WhiteElo "1753"]
[BlackElo "1600"]

1. e4 e5 2. Nf3 Nc6 3. Bb5 d6 4. c3 Bd7 5. d4 exd4 6. cxd4 Be7 7. O-O Bf6 8. Nc3
Nge7 9. Re1 Ng6 10. Nd5 O-O 11. Nxf6+ Qxf6 12. Bg5 Qe6 13. d5 Qe8 14. dxc6 bxc6
15. Bc4 h6 16. Bd2 Bg4 17. h3 Bd7 18. Bc3 Qe7 19. Qd4 Ne5 20. Nxe5 dxe5 21. Qxe5
Qxe5 22. Bxe5 Rab8 23. b3 Be6 24. Bxe6 fxe6 25. Bxc7 Rb7 26. Be5 Rd7 27. Re2 Rfd8
28. Rc1 Rc8 29. Rec2 c5 30. Rxc5 Rcd8 31. f3 Kf7 32. Rc7 h5 33. Rxd7+ Rxd7 34.
Rc7 Rxc7 35. Bxc7 1-0

[Event "Polfinal Mistrzostw Polski Niewidomych i Slabowidzacych w szachach"]
[Site "Wagrowiec"]
[Date "1899-12-30"]
[Round "7.12"]
[White "Kopiec, Miroslaw"]
[Black "Inglot, Marian"]
[Result "1-0"]
[WhiteTitle "II+"]
[BlackTitle "II"]
[WhiteElo "1722"]
[BlackElo "1394"]

1. e4 e5 2. Nf3 Nc6 3. d4 f6 4. Bc4 d6 5. Bb5 Bd7 6. d5 Nb4 7. Bxd7+ Qxd7 8. a3
Qa4 9. b3 Qa5 10. Bd2 Nxc2+ 11. Qxc2 Qa6 12. a4 b5 13. Qc6+ Qxc6 14. dxc6 Rb8
15. axb5 Rxb5 16. Rxa7 Rxb3 17. O-O Ne7 18. Rxc7 Kd8 19. Ba5 Ke8 20. Rb7 Rd3 21.
c7 Kd7 22. Rb8 d5 23. Rd8+ Kc6 24. Rc1+ Kb5 25. Be1 dxe4 26. Rb8+ Ka6 27. Nbd2
Ra3 28. Ra8+ 1-0